Na slovo s Antonom Srholcom

Bibliographic Details
Main Authors: Srholec, Anton, 1929-2016 (Author), Raus, Daniel, 1957- (Author)
Format: Article
Language:Slovak
Subjects:

MARC

LEADER 00000nab a2200000 a 4500
001 vtls000487858
003 SK-MaSNL
005 20260303004246.0
008 160216c1993 xo 0 slo
015 |a SNBRB19rr/mm-uuuuu 
035 |a CL0487995 
040 |a SNKBUCL  |b slo  |c SNKBUCL  |e AACR2 
041 0 |a slo 
044 |a xo  |c SK 
080 |a 262.4  |2 1981 
080 |a 929 Srholec, Anton  |2 1981 
100 1 |a Srholec, Anton,  |d 1929-2016  |4 aut  |9 119840 
245 1 0 |a Na slovo s Antonom Srholcom  |c Anton Srholec, Daniel Raus 
600 1 7 |a Srholec, Anton,  |d 1929-2016  |2 snkbucl  |9 119840 
655 7 |a články z novín a časopisov  |2 snkbucl  |9 267496 
700 1 |a Raus, Daniel,  |d 1957-  |4 aut  |9 216060 
773 0 |t Slovenské pohľady  |g Roč. 109, č. 3 (1993), s. 103-107 
850 |a Slovenská národná knižnica v Martine  |a MTA001 
852 |a SNK  |b KIS3GCP 
958 |a BX 
958 |a RK 
992 |a RBX 
999 |c 1576829  |d 1578759